Vista normal
Vista MARC
Entrada Materia (tema)
Número de registros utilizados en: 5
001 - CONTROL NUMBER
- control field: 179245
003 - CONTROL NUMBER IDENTIFIER
- control field: Co-BoUCM
005 - DATE AND TIME OF LATEST TRANSACTION
- control field: 20231101103300.0
008 - FIXED-LENGTH DATA ELEMENTS
- fixed length control field: 231101|| aca||aabn | a|a d
040 ## - CATALOGING SOURCE
- Original cataloging agency: Co-BoUCM
- Transcribing agency: Co-BoUCM
150 ## - HEADING--TOPICAL TERM
- Topical term or geographic name as entry element: Macrotipo
670 ## - SOURCE DATA FOUND
- Source citation: Work cat.: (Co-BoUCM)321634: 692 Kafka, Franz 1883-1924 , La metamorfosis, [2022]